Normal view
MARC view
- شرح وتقديم البيوك، عطا حمد
Entry Personal Name
001 - CONTROL NUMBER
- control field: 64194
003 - CONTROL NUMBER IDENTIFIER
- control field: JO-AjAnu
005 - DATE AND TIME OF LATEST TRANSACTION
- control field: 20230606084456.0
008 - FIXED-LENGTH DATA ELEMENTS
- fixed length control field: 230606|| aca||aabn | a|a d
040 ## - CATALOGING SOURCE
- Original cataloging agency: JO-AjAnu
- Transcribing agency: JO-AjAnu
100 ## - HEADING--PERSONAL NAME
- Personal name: شرح وتقديم البيوك، عطا حمد
670 ## - SOURCE DATA FOUND
- Source citation: Work cat.: (JO-AjAnu)32728: شرح وتقديم البيوك، عطا حمد, author, معايير المحاسبة الدولية، ج1